=LDR 00000nam 2200000 4500 =001 INLIS000000000026916 =005 20130612125330 =008 ***********************************Ind** =035 ##$$a0010-061300000026916 =041 ##$$a Ind =082 ##$$a 378.04 =090 ##$$a 378.04, Win p =100 ##$$a Winarno, Dwi =245 ##$$a Paradigma baru pendidikan kewarganegaraan, panduan kuliah di perguruan tinggi, oleh Dwi Winarno =260 ##$$a 2006 $b Jakarta =300 ##$$a x, 203 hlm, 22 cm =650 ##$$a Pendidikan tinggi-kewarganegaraan =850 ##$$a NBPNMAT =990 ##$$a 92277/BPAP-NTB/2014 =990 ##$$a 0001/BPAP-NTB/20142014